Bilecik Bilecik Bilecik Bilecik Bilecik

Ya bir yol bul, ya bir yol aç, ya da yoldan çekil/ (Record no. 23065)

MARC details
000 -BAŞLIK
Sabit Uzunluktaki Kontrol Alanı 00988nam a22003497a 4500
001 - KONTROL NUMARASI
Control Dosyası 0023110
003 - KONTROL NUMARASI KİMLİĞİ
Kontrol Alanı KOHA_MİRAKIL
005 - EN SON İŞLEM TARİHİ ve ZAMANI
Kontrol Alanı 20260207002404.0
007 - FİZİKSEL TANIM SABİT ALAN - GENEL BİLGİ
Sabit uzunluklu kontrol alanı ta
008 - SABİT UZUNLUKTAKİ VERİ ÖGELERİ - GENEL BİLGİ
Sabit Alan 101021b2010 tu |||gr||||#0|||0|tur |
020 ## - ISBN - ULUSLARARASI STANDART KİTAP NUMARASI
Isbn 9753162036
040 ## - KATALOGLAMA KAYNAĞI
Özgün Kataloglama Kurumu TR-BiSEU
Kataloglama Dili tur
Çeviri Kurumu TR-BiSEU
Açıklama Kuralları rda
041 0# - DİL KODU
Metin ya da ses kaydının dil kodu tur
044 ## - YAYINLAYAN/ÜRETEN KURULUŞUN ÜLKE KODU
ISO country code tu
050 ## - SINIFLAMA ve YER NUMARASI
Sınıflama Numarası BF724.S9
Yer Numarası S45 2010
100 1# - KİŞİ ADI
Yazar Adı (Kişi adı) Sekman, Mümin..
245 1# - ESER ADI BİLDİRİMİ
Başlık Ya bir yol bul, ya bir yol aç, ya da yoldan çekil/
Sorumluluk Bildirimi Mümin. Sekman ; Mümin Sekman.
264 #1 - ÜRERİM, YAYIN, DAĞITIM ve TELİF BİLDİRİMİ
Yayın yeri İstanbul :
Yayınlayan Alfa Yayınları
Yayın tarihi 2010
300 ## - FİZİKSEL TANIMLAMA
Sayfa, Cilt vb. 134 s.; res.
336 ## - İÇERİK TÜRÜ
Content type term metin
Content type code txt
Source rdacontent
337 ## - MEDYA TÜRÜ
Media type term aracısız
Media type code n
Source rdamedia
338 ## - TAŞIYICI TÜRÜ
Carrier type term cilt
Carrier type code nc
Source rdacarrier
490 1# - DİZİ BİLDİRİMİ
Dizi Bildirimi ALFA yayınları ;
Cilt Numarası 550.
490 1# - DİZİ BİLDİRİMİ
Dizi Bildirimi Dizi no: 11
500 ## - GENEL NOT
Genel Not Kaynakça var.
650 #0 - KONU BAŞLIĞI EK GİRİŞ - KONU TERİMİ
Konusal terim veya coğrafi ad Başarı.
9 (RLIN) 4753
650 #0 - KONU BAŞLIĞI EK GİRİŞ - KONU TERİMİ
Konusal terim veya coğrafi ad Success.
9 (RLIN) 4756
830 1# - SERİ EK GİRİŞİ - TEKBİÇİM ESER ADI
Tekbiçim Başlık ALFA yayınları ;
Volume number/sequential designation 550.
9 (RLIN) 43062
830 1# - SERİ EK GİRİŞİ - TEKBİÇİM ESER ADI
Tekbiçim Başlık Dizi no: 11
9 (RLIN) 43063
907 ## - LOCAL DATA ELEMENT G, LDG (RLIN)
a Kişisel Gelişim
942 ## - EK GİRİŞ ÖGELERİ (KOHA)
Source of classification or shelving scheme Library of Congress Classification
Koha item type Book
Holdings
Materyal Türü Kalıcı Konum Mevcut Konum Sınıflandırma Kaynağı Edinim Bilgisi Ana Konular Alt Konular Yer Numarası Demirbaş Numarası Fatura Tarihi Maliyet, Alış Fiyatı Maliyet, Yenileme Fiyatı Geri Çekilme Durumu Kayıp Durumu Hasarlı Durumu Kredi için değil Kayıt Tarih Toplam Ödünçverme Son Görülme Tarihi Son Kontrol Tarihi Genel / Bağış Notu
Book BŞEÜ Pazaryeri MYO Kütüphanesi BŞEÜ Pazaryeri MYO Kütüphanesi Library of Congress Classification Bağış FELSEFE, PSİKOLOJİ, DİN Psikoloji BF724.S9 S45 2010 0023110 02/02/2026 14.00 14.00         21/10/2010 1 02/06/2025 02/06/2025 Genel Bağış